Neighborhoods Of Boston On A Map - Statistics

General Stats
  • This quiz has been taken 1,387 times
  • The average score is 18 of 26
Answers on the Map
Answers color-coded by a green-red scale on the quiz's map according to % correct below.
 
Answer Stats
Answer % Correct
North End
90%
Back Bay
86%
South Boston
85%
Dorchester
84%
East Boston
81%
Downtown
80%
Roxbury
80%
Allston
77%
Charlestown
77%
Fenway
77%
Jamaica Plain
76%
Seaport District
76%
South End
75%
Beacon Hill
73%
Brighton
72%
Chinatown
67%
West End
67%
Harbor Islands
64%
Mattapan
63%
West Roxbury
62%
Leather District
54%
Roslindale
49%
Hyde Park
46%
Mission Hill
46%
Longwood
37%
Bay Village
31%
No matching quizzes found
Score Distribution
Percent of People with Each Score
Percentile by Number Answered
Your Score History
You have not taken this quiz